Cult of Goddess Sitala in Bengal : (Record no. 323)
[ view plain ]
| 000 -LEADER | |
|---|---|
| fixed length control field | 00518cam a2200181 a 4500 |
| 001 - CONTROL NUMBER | |
| control field | 3030459 |
| 005 - DATE AND TIME OF LATEST TRANSACTION | |
| control field | 20240208001018.0 |
| 008 - FIXED-LENGTH DATA ELEMENTS--GENERAL INFORMATION | |
| fixed length control field | 950309s1994 ii ab b 000 0 eng |
| 020 ## - INTERNATIONAL STANDARD BOOK NUMBER | |
| ISBN | 8171020011 : |
| 040 ## - CATALOGING SOURCE (பட்டியலாக்க மூலம்) | |
| Original cataloging agency | DLC |
| Transcribing agency | DLC |
| Modifying agency | DLC |
| 082 00 - DDC Classification | |
| Class No. | 306.6 |
| DDC Edition Number | 20 |
| Item Number - Author Mark | SUB. |
| 100 1# - MAIN ENTRY--PERSONAL NAME | |
| Personal name | Mukhopadhyay, Subrata Kumar. |
| 245 10 - TITLE STATEMENT | |
| Title | Cult of Goddess Sitala in Bengal : |
| Remainder of title | an enquiry into folk culture / |
| Statement of responsibility, etc. | Subrata Kumar Mukhopadhyay. |
| 260 ## - PUBLICATION, DISTRIBUTION, ETC. | |
| Place of publication, distribution, etc. | Calcutta : |
| Name of publisher, distributor, etc. | Firma KLM, |
| Date of publication, distribution, etc. | 1994. |
| 300 ## - PHYSICAL DESCRIPTION | |
| Extent (e.g. Volumes, Pages etc.) | x, 138 p. : |
| 650 #0 - SUBJECT ADDED ENTRY--TOPICAL TERM | |
| Topical term or geographic name entry element | Folklore |
| 942 ## - Koha item type (Biblio) | |
| Koha item type | Books in Stacks (Lending) |
| Lost status | Damaged status | Collection code | Home library | Current library | Date acquired | Full call number | Accession Number | Item type |
|---|---|---|---|---|---|---|---|---|
| Lending | WERC Library | WERC Library | 02/08/2024 | 306.6 SUB. | 3986 | Books in Stacks (Lending) |
